[Event "OHRA-B"]
[Site "Amsterdam"]
[Date "1986.??.??"]
[Round "6"]
[White "Langeweg, Kick"]
[Black "Pieterse, Gert"]
[Result "1/2-1/2"]
[WhiteElo "2400"]
[BlackElo "2265"]

1.Nf3 d5 2.g3 c6 3.Bg2 Bf5 4.O-O e6 5.d3 Nf6 6.b3 h6 7.Bb2 Nbd7 8.e3 Be7
9.Qe2 O-O 10.Kh1 Bh7 11.Nbd2 a5 12.a4 b5 13.Nd4 Qb6 14.f4 bxa4 15.Rxa4 Nc5
16.Raa1 a4 17.Rab1 axb3 18.N4xb3 Nxb3 19.Nxb3 Nd7 20.e4 Bf6 21.e5 Be7 22.g4 Ra4
23.Ra1 Rfa8  1/2-1/2

[Event "OHRA-B"]
[Site "Amsterdam"]
[Date "1986.??.??"]
[Round "7"]
[White "Smejkal, Jan"]
[Black "De Boer, Gert Jan"]
[Result "1-0"]
[WhiteElo "2540"]
[BlackElo "2440"]

1.Nf3 d5 2.g3 c6 3.Bg2 Bg4 4.O-O Nd7 5.d3 Ngf6 6.Nbd2 e5 7.e4 dxe4 8.dxe4 Be7
9.h3 Bxf3 10.Qxf3 O-O 11.Nc4 Qc7 12.Bd2 Rfd8 13.Rfd1 g6 14.a4 Nc5 15.Bc3 Rxd1+
16.Rxd1 Nfd7 17.b3 f6 18.Ne3 Nf8 19.Bf1 Rd8 20.Bc4+ Kh8 21.Rxd8 Qxd8 22.h4 Nce6
23.h5 Nd4 24.Qd1 a5 25.Kg2 Bb4 26.Bb2 Nde6 27.Qg4 Qe7 28.hxg6 hxg6 29.Qh4+ Nh7
30.Qh3 Ng5 31.Qc8+ Nf8 32.Bd3 Qd7 33.Qxd7 Nxd7 34.f3 Kg7 35.Nc4 b6 36.f4 Nf7
37.Kf3 Bc5 38.Bf1 exf4 39.gxf4 g5 40.Bh3 Nf8 41.e5 fxe5 42.fxe5 Nd8 43.e6+ Kh6
44.e7 Bxe7 45.Nxb6 Nfe6 46.Nc4 Nf4 47.Bd7 Bb4 48.Bf6 Nf7 49.Bxc6 Kg6 50.Bd4 Ne6
51.Bb2 Nh6 52.Ne5+ Kh5 53.Bd7 Nf4 54.Bd4 Be1 55.Be3 Nd5 56.Be8+ Kh4 57.Ng6+ Kh3
58.Bxg5 Ng8 59.Nf4+  1-0

[Event "Bayern-ch"]
[Site "Bayern"]
[Date "1986.??.??"]
[Round "?"]
[White "Wachinger, Guenther"]
[Black "Roeder, Gerd"]
[Result "1/2-1/2"]
[WhiteElo "2295"]
[BlackElo "2280"]

1.Nf3 d5 2.g3 c6 3.d4 Bf5 4.Bg2 Nf6 5.O-O h6 6.c4 e6 7.Nc3 Nbd7 8.Nd2 Be7
9.e4 dxe4 10.Ndxe4 O-O 11.Re1 Nxe4 12.Nxe4 Nf6  1/2-1/2

[Event "Biel"]
[Site "Biel"]
[Date "1986.??.??"]
[Round "?"]
[White "Hug, Werner"]
[Black "Greenfeld, Alon"]
[Result "1/2-1/2"]
[WhiteElo "2455"]
[BlackElo "2510"]

1.Nf3 d5 2.g3 c6 3.Bg2 Bg4 4.O-O Nd7 5.d4 Ngf6 6.Nbd2 e6 7.Re1 Be7 8.e4 dxe4
9.Nxe4 O-O 10.c3 a5 11.a4 Qb6 12.Ned2  1/2-1/2

[Event "SVK-ch"]
[Site "Bratislava"]
[Date "1986.??.??"]
[Round "8"]
[White "Petran, Peter"]
[Black "Franzen, Josef"]
[Result "1/2-1/2"]
[WhiteElo "2275"]
[BlackElo "2380"]

1.g3 d5 2.Nf3 g6 3.Bg2 Bg7 4.O-O e5 5.d3 Ne7 6.e4 dxe4 7.dxe4 Qxd1 8.Rxd1 Nbc6
9.c3 f6 10.Na3 Be6 11.Nd2 Rd8 12.Re1 Bh6 13.Nac4 Kf7 14.Ne3 Nb8 15.Bf1 Nc8
16.b4 Nd6 17.a4 Rhe8 18.Rb1 Bf8 19.f3 c6 20.Nb3 b6 21.Nd2 Kg7 22.Kf2 Rc8
23.Ndc4 Nxc4 24.Nxc4 Red8 25.Be3 Be7 26.Red1 Kf8 27.Rxd8+ Rxd8 28.Ke1 Ke8
29.Rd1 Rxd1+ 30.Kxd1 Nd7 31.Kc2 Kd8 32.Bd3 Kc7 33.f4 b5 34.Nb2 a6 35.Bd2 Nb6
36.fxe5 fxe5 37.axb5  1/2-1/2

[Event "OHRA-B"]
[Site "Brussels"]
[Date "1986.??.??"]
[Round "?"]
[White "Gutman, Lev"]
[Black "Garcia Palermo, Carlos"]
[Result "1-0"]
[WhiteElo "2460"]
[BlackElo "2515"]

1.Nf3 d5 2.g3 Nc6 3.d4 Bg4 4.Bg2 e6 5.O-O Nf6 6.Bf4 Bxf3 7.Bxf3 Bd6 8.e3 Bxf4
9.exf4 O-O 10.c3 Qd6 11.Nd2 Ne7 12.Nb3 b6 13.Qe2 c5 14.Qe5 Qxe5 15.fxe5 Nd7
16.Be2 Rfc8 17.Rfe1 c4 18.Nd2 b5 19.a3 a5 20.b4 Nb6 21.Rec1 Na4 22.bxa5 Nc6
23.Ra2 Rxa5 24.Nb1 Nxc3 25.Nxc3 Nxd4 26.Rb1 g6 27.Bd1 Rb8 28.f4 h5 29.Kf2 Kg7
30.Ke1 Nf5 31.Rab2 Rxa3 32.Nxb5 Re3+ 33.Kf2 g5 34.Nd6 Rxb2+ 35.Rxb2 gxf4
36.Nxf5+ exf5 37.gxf4 Re4 38.Bf3 Rxf4 39.Ke3 Rh4 40.Bxd5 Kg6 41.Rg2+ Kh6
42.Kf3 c3 43.Bxf7 Re4 44.e6 h4 45.Rc2 Kg5 46.Rxc3 Rf4+ 47.Ke2 Kf6 48.Re3 Ke7
49.Re5 Rb4 50.Kf3 Rb2 51.Re2 Rb1 52.Bg6  1-0

[Event "SWIFT"]
[Site "Brussels"]
[Date "1986.??.??"]
[Round "?"]
[White "Romanishin, Oleg M"]
[Black "Ljubojevic, Ljubomir"]
[Result "1/2-1/2"]
[WhiteElo "2560"]
[BlackElo "2605"]

1.Nf3 d5 2.g3 c6 3.Bg2 Nf6 4.O-O Bf5 5.d3 Nbd7 6.c4 dxc4 7.dxc4 e5 8.Nc3 Be7
9.h3 O-O 10.Be3 Re8 11.Rc1 h6 12.Nd2 Qc7 13.a3 Bc5 14.Bxc5 Nxc5 15.b4 Ne6
16.Nd5 cxd5 17.cxd5 Qe7 18.dxe6 Bxe6 19.Qc2 Red8  1/2-1/2

[Event "Budapest Spring op"]
[Site "Budapest"]
[Date "1986.??.??"]
[Round "?"]
[White "Tischbierek, Raj"]
[Black "Hector, Jonny"]
[Result "1-0"]
[WhiteElo "2465"]
[BlackElo "2395"]

1.g3 d5 2.Nf3 c6 3.Bg2 Bg4 4.O-O Nd7 5.c4 e6 6.b3 h5 7.h4 Bxf3 8.exf3 g5
9.Bb2 Rh6 10.hxg5 Qxg5 11.f4 Qf5 12.cxd5 cxd5 13.Nc3 a6 14.Re1 Be7 15.Ne2 h4
16.Nd4 Qf6 17.Re3 hxg3 18.Rxg3 Rg6 19.Rxg6 Qxg6 20.f5 exf5 21.Qf3 Ne5 22.Qxd5 Nd3
23.Qxb7 Rd8 24.Qc6+ Qxc6 25.Bxc6+ Kf8 26.Bc3 Nh6 27.Kg2 Bc5 28.Rh1 Rd6 29.Nxf5 Rxc6
30.Rxh6 Rxh6 31.Nxh6 Bxf2 32.Kf3 Bb6 33.b4 Ke7 34.Ke4 Nc1 35.a4 Na2 36.Kd5 Bf2
37.b5 axb5 38.axb5 Be1 39.b6 Kd7 40.Ba5 Nc1 41.Nf5 Bf2 42.d4 Bg1 43.Bb4 Nb3
44.Bc5 Na5 45.Nd6 f6 46.b7 Nc6 47.Bb6 Bh2 48.Ne4 f5 49.Nc5+  1-0

[Event "Capablanca mem-A"]
[Site "Cienfuegos"]
[Date "1986.??.??"]
[Round "2"]
[White "Sunye Neto, Jaime"]
[Black "Diaz, Joaquin C"]
[Result "1/2-1/2"]
[WhiteElo "2480"]
[BlackElo "2365"]

1.Nf3 d5 2.g3 Nf6 3.Bg2 e6 4.O-O c5 5.c4 dxc4 6.Na3 Nc6 7.Nxc4 Be7 8.b3 O-O
9.Bb2 Qc7 10.Rc1 b5 11.Nce5 Bb7 12.Nxc6 Bxc6 13.d4 Qb6 14.dxc5 Bxc5 15.Qc2 Bxf3
16.Bxf3 Rac8 17.e3 Qb8 18.Qe2 Bd6 19.Rfd1 Be5 20.Bxe5 Qxe5 21.b4 h6 22.Bc6 a6
23.Bb7 Rxc1 24.Rxc1 Nd5 25.Qd2 Rb8 26.Bxd5 exd5 27.Rc5 Rd8 28.a3 Qe4 29.Qd4 Rd6
30.Rc8+ Kh7 31.Qc5 Rf6 32.Qc2 Rd6 33.f3 Qxc2 34.Rxc2 d4 35.Rd2 Rc6 36.exd4 Rc3
37.d5 Rc7 38.d6 Rd7 39.Kf2 Kg6 40.Ke3 Kf6 41.g4 Ke6 42.Ke4 Rxd6 43.Rxd6+ Kxd6
44.f4 f5+  1/2-1/2

[Event "Capablanca mem-A"]
[Site "Cienfuegos"]
[Date "1986.??.??"]
[Round "2"]
[White "Kirov, Nino"]
[Black "Boensch, Uwe"]
[Result "1/2-1/2"]
[WhiteElo "2485"]
[BlackElo "2475"]

1.Nf3 d5 2.g3 Nf6 3.Bg2 c5 4.O-O Nc6 5.d4 Bg4 6.Ne5 cxd4 7.Nxg4 Nxg4 8.c3 Nf6
9.cxd4 e6 10.Nc3 Be7 11.b3 O-O 12.Bb2 Rc8 13.e3  1/2-1/2

[Event "Capablanca mem-A"]
[Site "Cienfuegos"]
[Date "1986.??.??"]
[Round "11"]
[White "Kirov, Nino"]
[Black "Armas, Jorge"]
[Result "0-1"]
[WhiteElo "2485"]
[BlackElo "2345"]

1.g3 d5 2.Nf3 Nc6 3.d4 Bg4 4.Bg2 Qd7 5.c4 e6 6.Nc3 Bb4 7.O-O Nge7 8.Qb3 a5
9.Rd1 O-O 10.Bf4 a4 11.Qc2 dxc4 12.Nb5 Nd5 13.a3 Nxf4 14.gxf4 Bxf3 15.Bxf3 Bd6
16.Qxc4 Na5 17.Qxa4 Bxf4 18.Qb4 c6 19.Nc3 Bd6 20.Qa4 f5 21.d5 Qe7 22.dxe6 Qxe6
23.b4 Nc4 24.Qb3 b5 25.Bg2 Kh8 26.a4 Qe5 27.axb5 Rxa1 28.Qxc4 Rxd1+ 29.Nxd1 cxb5
30.Qb3 Qxh2+ 31.Kf1 Qf4 32.Bc6 Bxb4 33.Bxb5 Rd8 34.Ne3 Bc5 35.Kg2 Bxe3 36.fxe3 Qg4+
37.Kf2 Qh4+ 38.Kg2 Qg5+ 39.Kf1 h5 40.Bc6 h4  0-1

[Event "Copenhagen op"]
[Site "Copenhagen"]
[Date "1986.??.??"]
[Round "1"]
[White "Knudsen, Per"]
[Black "Chernin, Alexander"]
[Result "0-1"]
[WhiteElo "2325"]
[BlackElo "2570"]

1.Nf3 d5 2.g3 c6 3.Bg2 Bg4 4.d3 Nd7 5.Nbd2 e5 6.O-O Bd6 7.e4 Ngf6 8.h3 Bh5
9.g4 Bg6 10.Nh4 O-O 11.Qe2 Nc5 12.Re1 Re8 13.Nxg6 hxg6 14.Nf1 Ne6 15.Ng3 g5
16.c3 Bc7 17.Rd1 d4 18.Qf3 Nh7 19.Nf5 Nhf8 20.Bf1 Ng6 21.Rb1 a5 22.c4 Ngf4
23.Ng3 g6 24.Ne2 Bd6 25.Qg3 Kg7 26.f3 Rh8 27.Kf2 Qe7 28.a3 a4 29.Ke1 b5 30.cxb5 cxb5
31.Bxf4 gxf4 32.Qf2 b4  0-1

[Event "Copenhagen op"]
[Site "Copenhagen"]
[Date "1986.??.??"]
[Round "1"]
[White "Knudsen, John"]
[Black "Sehner, Norbert"]
[Result "1/2-1/2"]
[WhiteElo "2240"]
[BlackElo "2375"]

1.Nf3 d5 2.g3 c6 3.Bg2 Bg4 4.d3 Nd7 5.Nbd2 e6 6.h3 Bh5 7.e4 Bd6 8.Qe2 Bxf3
9.Nxf3 Qc7 10.Bd2 Ngf6 11.O-O O-O 12.Rae1 dxe4 13.dxe4 e5 14.Nh4 Rfe8 15.Kh1 g6
16.f4 Nh5 17.Qf3 exf4 18.gxf4 Rad8 19.e5 Bf8 20.Bc3 Bh6 21.Qg4 Bxf4 22.Rxf4 Nxe5
23.Rfe4 Nf6 24.Rxe5 Qxe5 25.Rxe5 Nxg4 26.Rxe8+ Rxe8 27.hxg4 Re2 28.a4 Rxc2
29.Nf3 b5 30.Ne1 Rc1 31.Bxc6 b4 32.Bxb4 Rxc6 33.Bc3 Rc4 34.a5 Rxg4 35.Nd3 Kf8
36.Ne5 Re4 37.Nc6 a6 38.Nb8 Re6 39.Bd4 Ke8 40.b4 Kd8 41.Bb6+ Kc8 42.Nxa6 Rxb6
43.axb6 Kb7 44.Nc5+ Kxb6 45.Nd3  1/2-1/2

[Event "Copenhagen op"]
[Site "Copenhagen"]
[Date "1986.??.??"]
[Round "2"]
[White "Berg, Klaus"]
[Black "Jacoby, Gisbert"]
[Result "1/2-1/2"]
[WhiteElo "2375"]
[BlackElo "2290"]

1.Nf3 d5 2.g3 c6 3.Bg2 Nf6 4.c4 Bg4 5.cxd5 Bxf3 6.Bxf3 cxd5 7.Nc3 e6 8.O-O Nc6
9.d3 Be7 10.Bd2 O-O 11.Bg2 Rc8 12.Qa4 a6 13.Rfc1 Nd7 14.a3 Nc5 15.Qd1 Nd4
16.Be3 Ncb3  1/2-1/2

[Event "Copenhagen op"]
[Site "Copenhagen"]
[Date "1986.??.??"]
[Round "3"]
[White "Sorensen, Bent"]
[Black "Berg, Klaus"]
[Result "1-0"]
[WhiteElo "2295"]
[BlackElo "2375"]

1.g3 d5 2.Nf3 c6 3.Bg2 Bg4 4.O-O Nd7 5.d3 e5 6.h3 Bh5 7.Nbd2 Ngf6 8.e4 dxe4
9.dxe4 Bc5 10.Qe2 O-O 11.Nb3 Bb6 12.Qc4 a5 13.a4 Qc7 14.Nh4 Rfe8 15.Bg5 Qd6
16.Nf5 Qe6 17.Qc3 Bg6 18.g4 h5 19.Rad1 Bc7 20.Bf3 hxg4 21.hxg4 b6 22.Kg2 Nf8
23.Nd2 N6h7 24.Be3 Qf6 25.Nc4 Bxf5 26.gxf5 b5 27.Nd2 bxa4 28.Rg1 Ng5 29.Be2 Nfh7
30.f3 g6 31.Nf1 gxf5 32.exf5 Qxf5 33.Ng3 Qh3+ 34.Kf2 Qh6 35.Ne4 f6 36.Qxc6 Qh4+
37.Kf1 Rac8 38.Nxf6+ Kh8 39.Nxe8 Qh3+ 40.Ke1 e4 41.Qc3+  1-0

[Event "Copenhagen op"]
[Site "Copenhagen"]
[Date "1986.??.??"]
[Round "4"]
[White "Sorensen, Bent"]
[Black "Cserna, Laszlo"]
[Result "0-1"]
[WhiteElo "2295"]
[BlackElo "2390"]

1.g3 d5 2.Nf3 c5 3.Bg2 Nc6 4.O-O e5 5.d3 Nf6 6.Nbd2 Be7 7.e4 O-O 8.c3 Re8
9.Re1 Bf8 10.exd5 Nxd5 11.Nc4 f6 12.d4 cxd4 13.Nxd4 exd4 14.Rxe8 Qxe8 15.Bxd5+ Be6
16.Qf3 Rd8 17.Bxe6+ Qxe6 18.Nd2 Rd5 19.Nb3 dxc3 20.Kg2 Ne5 21.Qe4 f5 22.Qe2 Rd3
23.Be3 Qd5+ 24.Kh3 cxb2 25.Rb1 Nc4 26.Bc5 Qe4 27.Qf1 Rxb3 28.Bxf8 Nd2 29.Qd1 Qg4+  0-1

[Event "Copenhagen op"]
[Site "Copenhagen"]
[Date "1986.??.??"]
[Round "5"]
[White "Knudsen, John"]
[Black "Hartung Nielsen, Jens"]
[Result "1/2-1/2"]
[WhiteElo "2240"]
[BlackElo "2290"]

1.Nf3 d5 2.g3 Nf6 3.Bg2 c6 4.d3 Bf5 5.Nbd2 e6 6.Nh4 Bg4 7.h3 Bh5 8.g4 Nfd7
9.gxh5 Qxh4 10.e4 Nf6 11.c4 Bc5 12.Qe2 O-O 13.h6 Qxh6 14.e5 Nfd7 15.Nf3 Qh5
16.d4 Bb4+ 17.Kf1 dxc4 18.Qxc4 Na6 19.a3 Be7 20.Bd2 Nc7 21.Qb3 Rab8 22.Bf4 Nd5
23.Bg3 c5 24.Qb5 Rfd8 25.Nh2 a6 26.Qd3 Nf8 27.Bf3 Qh6 28.Ng4 Qg6 29.Be4 Qh5
30.Bf3 Qg6 31.Be4 Qg5 32.Qf3 h5 33.Ne3 Nxe3+ 34.fxe3  1/2-1/2

[Event "Copenhagen op"]
[Site "Copenhagen"]
[Date "1986.??.??"]
[Round "8"]
[White "Knudsen, Per"]
[Black "Kaspersen, Morten"]
[Result "1-0"]
[WhiteElo "2325"]
[BlackElo "2215"]

1.Nf3 d5 2.g3 Nf6 3.Bg2 e6 4.O-O c5 5.b3 Nc6 6.Bb2 Be7 7.d3 O-O 8.Nbd2 b6
9.e4 Bb7 10.Qe2 Rc8 11.a4 a6 12.e5 Ne8 13.Ne1 b5 14.f4 c4 15.dxc4 bxc4 16.bxc4 Na5
17.Rb1 Nxc4 18.Bd4 Nxd2 19.Qxd2 Bc6 20.Bh3 Bxa4 21.f5 Rc6 22.Rb7 Nc7 23.f6 Bc5
24.Bxc5  1-0

[Event "Copenhagen op"]
[Site "Copenhagen"]
[Date "1986.??.??"]
[Round "8"]
[White "Sorensen, Bent"]
[Black "Ostenstad, Berge"]
[Result "1/2-1/2"]
[WhiteElo "2295"]
[BlackElo "2370"]

1.g3 d5 2.Nf3 c6 3.Bg2 Nd7 4.O-O e5 5.d3 Ngf6 6.Nbd2 Be7 7.e4 dxe4 8.dxe4 O-O
9.Qe2 Qc7 10.b3 b5 11.Bb2 a5 12.c4 b4 13.Ne1 a4 14.Rb1 Nc5 15.f4 Nfd7 16.Bh3 axb3
17.axb3 Ra2 18.Kh1 Bf6 19.Bxd7 Qxd7 20.Nef3 Qg4 21.f5 Rd8 22.Qe3 Nd3 23.Ba1 c5
24.Rg1 Bb7 25.Rg2 h6 26.Kg1 Bg5 27.Nxg5 Qxg5 28.Qe2 Nc1 29.Qe1 Rdxd2 30.Rxd2 Rxd2
31.Rxc1 Qd8 32.Qe3 Rd1+ 33.Kf2 Rxc1 34.Qxc1 Qd3 35.Qe3 Qc2+ 36.Qe2 Qxb3 37.Bxe5 Qb1
38.Qg4 Qc2+ 39.Kg1 Qb1+ 40.Kf2 Qc2+ 41.Kg1 Qc1+ 42.Kf2 Qd2+ 43.Kf1 Qg5 44.Qxg5 hxg5
45.Ke2 Bxe4 46.f6  1/2-1/2

[Event "Copenhagen op"]
[Site "Copenhagen"]
[Date "1986.??.??"]
[Round "8"]
[White "Rodgaard, John"]
[Black "Berg, Klaus"]
[Result "1-0"]
[WhiteElo "2350"]
[BlackElo "2375"]

1.g3 d5 2.Nf3 c6 3.Bg2 Bg4 4.d3 Nd7 5.O-O e5 6.Nbd2 Ngf6 7.h3 Bxf3 8.Bxf3 Bd6
9.e4 O-O 10.c3 Nc5 11.Qc2 dxe4 12.dxe4 Bc7 13.Be2 a5 14.a4 h5 15.h4 Qd7 16.Kg2 Rad8
17.Rd1 Qc8 18.f3 Rd7 19.Nc4 Rxd1 20.Bxd1 Qe6 21.Be2 Ra8 22.Be3 Nfd7 23.b4 axb4
24.cxb4 Na6 25.Qc3 Qe7 26.Rb1 b5 27.Na3 Nxb4 28.Rxb4 Bd6 29.Qxc6 Rd8 30.Rxb5 Bxa3
31.Rb7 Nb8 32.Qb6 Nd7 33.Qc6 Nb8 34.Rxe7 Nxc6 35.Rc7 Rd6 36.Bc4 Nd8 37.a5  1-0

[Event "Delmenhorst"]
[Site "Delmenhorst"]
[Date "1986.??.??"]
[Round "?"]
[White "Barbero, Gerardo F"]
[Black "Hermann, Manfred"]
[Result "1/2-1/2"]
[WhiteElo "2520"]
[BlackElo "2360"]

1.Nf3 d5 2.g3 c6 3.Bg2 Nf6 4.b3 Bf5 5.Bb2 e6 6.d3 h6 7.Nbd2 Be7 8.O-O O-O
9.c4 Nbd7 10.a3 a5 11.Qc2 Bh7 12.Bc3 Qb8 13.Qb2 Bd6 14.b4 e5 15.c5 Bc7 16.d4 Re8
17.dxe5 Nxe5 18.Rfe1 Ne4 19.Bxe5 Bxe5 20.Nxe5 Qxe5 21.Qxe5 Rxe5 22.Bxe4 Bxe4
23.Nb3 axb4 24.axb4 Rae8 25.Nd4 Bd3 26.e3 g5 27.Ra7 R8e7 28.Rd1 Bc4 29.Ra8+ Kh7
30.g4  1/2-1/2

[Event "DEN-ch"]
[Site "DEN"]
[Date "1986.??.??"]
[Round "8"]
[White "Kristiansen, Jens"]
[Black "Hansen, Curt"]
[Result "1/2-1/2"]
[WhiteElo "2395"]
[BlackElo "2510"]

1.Nf3 d5 2.g3 Nf6 3.Bg2 c6 4.O-O Bg4 5.b3 Nbd7 6.Bb2 a5 7.d3 e6 8.a3 Bc5
9.c4 O-O 10.Nc3 Re8 11.Qc2 Rc8 12.e3 b5 13.h3 Bh5 14.Ne2 e5 15.e4 dxe4 16.dxe4 Bxf3
17.Bxf3 Qb6 18.Rad1 Nf8 19.Bg2 Qc7 20.cxb5 cxb5 21.Qd3 Qb8 22.Qf3 N8d7 23.g4 Nf8
24.g5 N6d7 25.h4 b4 26.a4 Bb6 27.Bh3 Rc2 28.Bxd7 Re7 29.Bb5 Rxb2 30.Ng3 Rc7
31.Nf5 Ne6 32.Bc4 Nd4 33.Nxd4 Bxd4 34.Rd3 Qc8 35.Qg3 g6 36.Rf3 Rxc4 37.bxc4 Qxc4
38.Qg4 Qc6 39.h5 Rc2 40.hxg6 hxg6 41.Rf6 Qc3 42.Rxf7 Kxf7 43.Qd7+  1/2-1/2

[Event "Dresden Post"]
[Site "Dresden"]
[Date "1986.??.??"]
[Round "?"]
[White "Dautov, Rustem"]
[Black "Kubien, Jerzy"]
[Result "1-0"]
[WhiteElo "2380"]
[BlackElo "2255"]

1.Nf3 d5 2.g3 Nf6 3.Bg2 Bf5 4.O-O Nbd7 5.d3 h5 6.Nc3 c6 7.Qe1 e5 8.e4 dxe4
9.Nh4 Be6 10.Nxe4 Be7 11.Bd2 O-O 12.Nf3 Re8 13.Bc3 Nd5 14.Nxe5 f5 15.Nd2 Nxc3
16.Nxc6 bxc6 17.Qxe6+ Kh8 18.Bxc6 Nc5 19.Qe5 Qd6 20.Qxd6 Ne2+ 21.Kg2 Bxd6
22.Bxe8 Rxe8 23.Rfe1 Kg8 24.Kf1 Rb8 25.Rxe2 Kf7 26.Nc4 Bf8 27.Rae1 Na4 28.Ne5+ Kg8
29.Nd7  1-0

[Event "Dubai ol (Men)"]
[Site "Dubai"]
[Date "1986.??.??"]
[Round "2"]
[White "Haik, Aldo"]
[Black "Moran, Bernardo"]
[Result "1/2-1/2"]
[WhiteElo "2455"]
[BlackElo "2420"]

1.Nf3 d5 2.g3 f5 3.Bg2 Nf6 4.O-O e6 5.c4 c6 6.b3 Bd6 7.d4 Qe7 8.a4 O-O 9.Ba3 Bxa3
10.Nxa3 b6 11.Ne5 Bb7 12.a5 Na6 13.Nc2 Rfd8 14.Qd3 c5 15.e3 Qc7 16.Rfc1 bxa5
17.Qc3 cxd4 18.exd4 dxc4 19.Bxb7 Qxb7 20.Qxc4 Rd6 21.Ne3 Nd5 22.Rxa5 Nac7
23.Nxd5 Nxd5 24.Rc5 h6 25.Rc8+ Rxc8 26.Qxc8+ Qxc8 27.Rxc8+ Kh7 28.h4 Nf6
29.Nc6 a6 30.f3 Rd5 31.Kf2 g5 32.hxg5 hxg5 33.Ke3 Rb5 34.Rb8 Nd5+ 35.Kd2 Rxb8
36.Nxb8 Nc7 37.Kc3 Kg6 38.Nd7 Kf7 39.Kc4 Ke7 40.Nc5 Kd6 41.Nb7+ Kd7 42.Nc5+ Kd6
43.Nb7+ Ke7 44.Kc5 Nd5 45.Na5 Ne3 46.Nc6+ Kf6 47.Kb6 Nf1 48.Kxa6 Nxg3 49.b4 g4
50.fxg4 fxg4 51.Ne5 Nf5 52.Nxg4+ Kg5 53.Ne3  1/2-1/2

[Event "FRA-ch"]
[Site "Epinal"]
[Date "1986.??.??"]
[Round "13"]
[White "Bernard, Christophe"]
[Black "Santo Roman, Marc"]
[Result "1-0"]
[WhiteElo "2295"]
[BlackElo "2360"]

1.Nf3 d5 2.g3 Nf6 3.Bg2 e6 4.O-O c5 5.c4 Nc6 6.d4 Be7 7.cxd5 Nxd5 8.Nc3 O-O
9.Nxd5 Qxd5 10.Be3 c4 11.Ne5 Qb5 12.a4 Qa6 13.Nxc6 bxc6 14.Qc2 Rb8 15.Rfc1 Bf6
16.Bf4 Rb3 17.e3 c5 18.Bf1 Qb7 19.Qxc4 Rxb2 20.Bg2 Qb4 21.Bd6 Rd8 22.Bxc5 Qd2
23.Qf1 Ba6 24.Qe1 e5 25.Qxd2 Rxd2 26.Bb4 Rb2 27.Bc3 Rb3 28.Ba5 Rf8 29.Bd5 Rbb8
30.Bc7 Rbc8 31.Bxe5 Bxe5 32.dxe5 Rfd8 33.e4 Kf8 34.Rab1 Ke7 35.f4  1-0

[Event "Espoo"]
[Site "Espoo"]
[Date "1986.??.??"]
[Round "?"]
[White "Kekki, Jorma"]
[Black "Kivisto, Mikko"]
[Result "1/2-1/2"]
[WhiteElo "2320"]
[BlackElo "2330"]

1.Nf3 d5 2.g3 c5 3.Bg2 Nc6 4.d4 e6 5.O-O Nf6 6.c4 Be7 7.cxd5 exd5 8.Nc3 O-O
9.dxc5 Bxc5 10.Bg5 d4 11.Bxf6 Qxf6 12.Ne4 Qe7 13.Nxc5 Qxc5 14.Rc1 Qb6 15.Qd2  1/2-1/2

[Event "Espoo"]
[Site "Espoo"]
[Date "1986.??.??"]
[Round "?"]
[White "Halme, Olavi"]
[Black "Raaste, Eero J"]
[Result "0-1"]
[WhiteElo "2200"]
[BlackElo "2370"]

1.Nf3 d5 2.g3 c5 3.Bg2 Nc6 4.d4 e6 5.O-O Nf6 6.Bg5 h6 7.Be3 cxd4 8.Nxd4 e5
9.Nb3 Be7 10.c3 O-O 11.a4 Re8 12.Na3 Bf5 13.Bc5 Bxc5 14.Nxc5 Qb6 15.Nd3 Rad8
16.Nc2 d4 17.c4 e4 18.c5 Qc7 19.Nc1 Qe5 20.Nb3 Be6 21.Ne1 Qh5 22.f3 d3 23.exd3 Bxb3
24.Qxb3 Nd4 25.Qd1 e3  0-1

[Event "FIN-chT"]
[Site "?"]
[Date "1986.??.??"]
[Round "?"]
[White "Turunen, Erkki O"]
[Black "Valkesalmi, Kimmo"]
[Result "0-1"]
[WhiteElo "2300"]
[BlackElo "2405"]

1.Nf3 d5 2.g3 c6 3.d3 Nf6 4.Bg2 Bf5 5.Nbd2 e6 6.O-O h6 7.b3 Bc5 8.Bb2 O-O
9.Qe1 a5 10.e4 Bh7 11.a3 Nbd7 12.Qe2 b5 13.e5 Ne8 14.Kh1 Qb6 15.Rae1 Nc7
16.Qd1 Be7 17.Nh4 a4 18.f4 axb3 19.Nxb3 Bxa3 20.Bxa3 Rxa3 21.g4 Nc5 22.Nxc5 Qxc5
23.f5 Ra2 24.Re2 Qc3 25.Qc1 Rfa8 26.Qf4 Ra1 27.Rf2 R8a4 28.Qg3 Re1 29.Nf3 Rxf1+
30.Bxf1 exf5 31.e6 Nxe6 32.Qb8+ Nf8 33.Ne5 Qe1 34.Nd7 Qe7 35.Re2 Qxd7 36.Re8 Qxe8
37.Qxe8 Rf4 38.Bg2 fxg4 39.Qxc6 d4 40.Qxb5 g5 41.Qe5 Ng6 42.Qe8+ Kg7 43.Be4 Rf1+
44.Kg2 Rc1 45.Qa4 Nf4+ 46.Kf2 Bxe4 47.Qxd4+ Kg8 48.Qxe4 Rxc2+ 49.Kg1 Rg2+
50.Kh1 Re2 51.Qa8+ Kh7 52.Qa5 Re3 53.d4 Rd3 54.Qf5+ Kg7  0-1

[Event "Troll Masters"]
[Site "Gausdal"]
[Date "1986.??.??"]
[Round "?"]
[White "Helmers, Knut J"]
[Black "Donaldson, John W"]
[Result "1/2-1/2"]
[WhiteElo "2455"]
[BlackElo "2420"]

1.Nf3 d5 2.g3 Nf6 3.Bg2 c6 4.c4 dxc4 5.Na3 Be6 6.Ng5 Bd5 7.e4 h6 8.exd5 hxg5
9.dxc6 Nxc6 10.Nxc4 e6 11.O-O Be7 12.d4 Nd5 13.Ne5 O-O 14.Re1 Rc8 15.a3 Rc7
16.Be4 Bf6 17.Nxc6  1/2-1/2

[Event "Bundesliga 8586"]
[Site "Germany"]
[Date "1986.??.??"]
[Round "?"]
[White "Schmidt, Bodo"]
[Black "Sprotte, Norbert"]
[Result "1/2-1/2"]
[WhiteElo "2340"]
[BlackElo "2240"]

1.Nf3 d5 2.g3 Nf6 3.Bg2 c6 4.O-O g6 5.b3 Bg7 6.Bb2 O-O 7.c4 Qb6 8.Qc1 Bg4
9.d3 Nbd7 10.Nbd2 Rfe8 11.h3 Bxf3 12.Bxf3 Rad8 13.Rb1 e5 14.Qc2 Nf8 15.b4 Rd7
16.a4 Qc7 17.cxd5 cxd5 18.Qxc7 Rxc7 19.Rfc1 Rxc1+ 20.Rxc1 e4 21.Bg2 exd3
22.exd3 Re2 23.Rd1 N8d7 24.Kf1 Re6 25.Rc1 Rc6 26.Rxc6 bxc6 27.Nb3 Ne8 28.Bxg7 Kxg7
29.Na5 Nb8 30.Ke2 Nc7 31.Kd2 Kf8 32.h4 Ke7 33.Kc3 Ne6 34.Bh3 f5 35.Nb3 Kd6
36.d4 Nd7 37.Nc5 Nf6 38.Bg2 Ne8 39.Bf1 N8c7 40.Nd3 Ne8 41.Ne5 N8c7 42.Nf7+ Ke7
43.Ng5 Nxg5 44.hxg5 Ne6 45.f4 Kd6 46.Kd3 Ng7 47.Ke3 Nh5 48.Kf3 Ng7 49.Bh3 Ne6
50.Ke3  1/2-1/2

[Event "Bundesliga 8586"]
[Site "Germany"]
[Date "1986.??.??"]
[Round "?"]
[White "Schmidt, Bodo"]
[Black "Jacoby, Gisbert"]
[Result "1-0"]
[WhiteElo "2340"]
[BlackElo "2290"]

1.Nf3 d5 2.g3 c5 3.Bg2 d4 4.O-O Nc6 5.d3 e5 6.e4 Be7 7.Nbd2 g5 8.Nc4 f6 9.Ne1 h5
10.Bf3 h4 11.Bg4 Bxg4 12.Qxg4 Nh6 13.Qe6 Qd7 14.Qxd7+ Kxd7 15.gxh4 gxh4 16.Bxh6 Rxh6
17.h3 b5 18.Nd2 Bd6 19.a4 a6 20.axb5 Rg8+ 21.Kh1 axb5 22.Rg1 Rxg1+ 23.Kxg1 Bc7
24.Ndf3 f5 25.exf5 Ne7 26.Ra7 Kc8 27.Ra8+ Kd7 28.Ra7 Kc8 29.Nxe5 Kb8 30.Ng4 Rc6
31.Ra1 Nxf5 32.Nf3 Re6 33.Kf1 Kb7 34.Ng5 Re8 35.Ne4 Kb6 36.Ngf6 Rd8 37.Ke2 Be5
38.Rg1 Nd6 39.Rg6 c4 40.Ng4 c3  1-0

[Event "Bundesliga 8586"]
[Site "Germany"]
[Date "1986.??.??"]
[Round "?"]
[White "Smejkal, Jan"]
[Black "Fahnenschmidt, Gerhard"]
[Result "1-0"]
[WhiteElo "2550"]
[BlackElo "2340"]

1.g3 d5 2.Nf3 Nf6 3.Bg2 c6 4.O-O Bf5 5.d3 e6 6.Nbd2 Be7 7.b3 h6 8.Bb2 O-O
9.Qe1 c5 10.e4 Bh7 11.Ne5 Qc7 12.f4 dxe4 13.dxe4 Nbd7 14.a4 Rad8 15.Ndc4 Nb6
16.Nxb6 Qxb6 17.Nc4 Qa6 18.Qe2 b6 19.g4 Nd7 20.e5 Rfe8 21.f5 Bf8 22.Qf2 Kh8
23.Bc6 Qc8 24.Qg2 Qc7 25.Rad1 Nb8 26.Bxe8 Rxe8 27.Qd2 Kg8 28.Nd6 Bxd6 29.Qxd6 Qb7
30.fxe6 fxe6 31.Qxe6+  1-0

[Event "Bundesliga 8586"]
[Site "Germany"]
[Date "1986.??.??"]
[Round "?"]
[White "Sonntag, Hans Hubert"]
[Black "Roeder, Gerd"]
[Result "1/2-1/2"]
[WhiteElo "2295"]
[BlackElo "2280"]

1.Nf3 d5 2.g3 c6 3.Bg2 Bg4 4.d3 Nf6 5.Nbd2 Nbd7 6.O-O e5 7.h3 Bh5 8.e4 dxe4
9.dxe4 Bc5 10.Qe2 O-O 11.g4 Bg6 12.Rd1 Qc7 13.Nh4 Rad8 14.Nf1 Bb6 15.Bg5 h6
16.Be3  1/2-1/2

[Event "Bundesliga 8586"]
[Site "Germany"]
[Date "1986.??.??"]
[Round "?"]
[White "Tischer, Guenter"]
[Black "Backwinkel, Paul"]
[Result "1-0"]
[WhiteElo "2335"]
[BlackElo "2360"]

1.Nf3 d5 2.g3 c6 3.Bg2 Bg4 4.d3 Nf6 5.Nbd2 e6 6.c3 Be7 7.Qc2 Nbd7 8.O-O O-O
9.h3 Bxf3 10.Nxf3 Qc7 11.e4 dxe4 12.dxe4 Rfd8 13.Bf4 e5 14.Be3 Bc5 15.Rfe1 Bxe3
16.Rxe3 Nb6 17.Ree1 g6 18.Rad1 Kg7 19.b3 Ne8 20.Rxd8 Rxd8 21.Rd1 f6 22.Ne1 Rxd1
23.Qxd1 Qd6 24.Nd3 Nd7 25.Qe2 Nc7 26.Bf1 Nb5 27.Qc2 Nf8 28.Nb2 Nc7 29.Nc4 Qd7
30.h4 Nb5 31.Kh2 Nd6 32.Bh3 Qe7 33.Qd3 Nxc4 34.Qxc4 Qd6 35.Qb4 Qxb4 36.cxb4 Kf7
37.Bc8 b6 38.Bb7 c5 39.bxc5 bxc5 40.Kg2 Ke7 41.Kf3 Ne6 42.Ke3 Nd4 43.Kd3 Kd6
44.Ba6 g5 45.Bc4 h6 46.Bf7 gxh4 47.gxh4 Nf3 48.h5 Ng5 49.Bc4 Nh3 50.Ke3 Nf4
51.Be2 Kc6 52.Kd2 Nh3 53.Bg4 Nxf2 54.Bf5 Nh1 55.Ke3 Ng3 56.Bg6 Kb5 57.Kf2 Nxe4+
58.Bxe4 Kb4 59.Ke3 Kc3 60.Bf5 c4 61.bxc4 Kxc4 62.Ke4 a5 63.a4  1-0

[Event "Bundesliga 8586"]
[Site "Germany"]
[Date "1986.??.??"]
[Round "?"]
[White "Nikolac, Juraj"]
[Black "Muse, Mladen"]
[Result "1/2-1/2"]
[WhiteElo "2440"]
[BlackElo "2430"]

1.g3 d5 2.Nf3 Nf6 3.Bg2 g6 4.c4 c6 5.b3 Bg7 6.Bb2 O-O 7.O-O Na6 8.Na3 Nc7
9.h3 Be6 10.Qc2 a5 11.d3 Nfe8 12.e4 Na6 13.Bxg7 Nxg7 14.Qc3 dxe4 15.dxe4 Qc7
16.Nc2 Rad8 17.Qe3 f6 18.g4 Bf7 19.e5 Ne6 20.Rfe1 Rd7 21.Bf1 Nac5 22.Rad1 Rfd8
23.Rxd7 Rxd7 24.Ncd4 Qd8 25.Nxe6 Nxe6 26.c5 Nc7 27.Qc1 Bd5 28.Bc4 Kg7 29.Bxd5 Rxd5
30.Qe3 Rd1 31.exf6+ exf6 32.g5 Rxe1+ 33.Qxe1 Nd5 34.Qe6  1/2-1/2